00637cam a22001932 4500001001100000005001700011008004100028020001700069040001500086245010000101250001300201260005100214300001800265650005300283700003300336700004000369700003100409852000300440000000985720151021151122.0081204s xx 000 0 eng d a996684631x : aKABUcKABU10aUnderstanding oral literature /cedited by Austin Bukenya, Wanjiku mukabi Kabira, Okoth Okombo. a1st ed. aNairobi :bUniversity of Nairobi Press,c1994. aviii, 102 p. 0aFolk literaturexStudy and teaching.@00001616341 aBukenya, Austin.@00001616351 aKabira, Wanjiku Mukabi.@00001616361 aOkombo, Okoth.@00001599781